| 000 | 00752nam a2200241Ia 4500 | ||
|---|---|---|---|
| 003 | GCL | ||
| 008 | 140319s9999 xx 000 0 ara d | ||
| 040 |
_aGCL / _cGCL |
||
| 082 | 0 | 4 |
_aم _b301.03 _bف م |
| 100 | 1 | _aفريدريك معتوق | |
| 245 | 1 | 0 |
_aمعجم العلوم الاجتماعية انجليزى فرنسى عربى / _cفريدريك معتوق |
| 260 |
_a[S.N] : _bاكاديميا ، _c1993 |
||
| 300 | _a384 ص | ||
| 490 | _a | ||
| 650 | 0 | 4 | _aالعلوم الاجتماعية |
| 650 | 0 | 4 | _aاللغة الفرنسية |
| 650 | 0 | 4 | _aاللغة العربية |
| 650 | 0 | 4 | _aالمعاجم |
| 650 | 0 | 4 | _aالاجتماع |
| 650 | 0 | 4 | _aاللغة الانجليزية |
| 650 | 0 | 4 | _aالمصطلحات |
| 942 |
_2ddc _cBK |
||
| 999 |
_c33028 _d33028 |
||